Binary to Decimal Quiz - Statistics

General Stats
  • This quiz has been taken 1,935 times
  • The average score is 10 of 20
Answer Stats
Binary Decimal % Correct
10100000 160
70%
00010101 21
68%
01000101 69
68%
01010101 85
66%
10000001 129
64%
00001100 12
63%
00001101 13
63%
10000100 132
63%
00010000 16
62%
00011000 24
62%
00100010 34
62%
00111011 59
62%
01100000 96
62%
00001111 15
61%
10110110 182
61%
01000001 65
61%
01000110 70
61%
00000001 1
60%
00100011 35
60%
00010010 18
59%
11110001 241
59%
00100000 32
59%
00110100 52
59%
00111001 57
59%
00111100 60
59%
00001000 8
59%
01100010 98
59%
00001010 10
58%
01110101 117
58%
01111000 120
58%
10001011 139
58%
10111100 188
58%
11000001 193
58%
11000101 197
58%
11001111 207
58%
00010111 23
58%
00000101 5
58%
01110110 118
57%
00000010 2
57%
11010111 215
57%
00000111 7
57%
01010000 80
57%
01101000 104
56%
01111111 127
56%
10011100 156
56%
10101001 169
56%
00101100 44
56%
00101110 46
56%
01001100 76
56%
01010001 81
56%
01101100 108
55%
01110001 113
55%
10011011 155
55%
10101101 173
55%
11000110 198
55%
00010100 20
55%
11001000 200
55%
11101111 239
55%
11110111 247
55%
00011100 28
55%
00000011 3
55%
00101001 41
55%
01010010 82
55%
00001011 11
54%
01101110 110
54%
01110011 115
54%
01110100 116
54%
10000110 134
54%
10100001 161
54%
11000111 199
54%
11101110 238
54%
11111111 255
54%
00100100 36
54%
00111111 63
54%
01000011 67
54%
01010110 86
54%
01100110 102
53%
10000010 130
53%
00001110 14
53%
10010110 150
53%
10011010 154
53%
10111110 190
53%
11111000 248
53%
11111101 253
53%
00011101 29
53%
00000100 4
53%
00110010 50
53%
01000000 64
53%
01001010 74
53%
01001101 77
53%
01010011 83
53%
01101111 111
52%
01111100 124
52%
10000101 133
52%
10010100 148
52%
10010111 151
52%
10100110 166
52%
10101100 172
52%
10110000 176
52%
10110100 180
52%
00010011 19
52%
11000011 195
52%
00010110 22
52%
11100100 228
52%
11111001 249
52%
00011001 25
52%
00100101 37
52%
00101010 42
52%
00110101 53
52%
00111101 61
52%
01011000 88
52%
00001001 9
52%
01100111 103
51%
01101011 107
51%
01111011 123
51%
10000011 131
51%
10000111 135
51%
10010001 145
51%
10100101 165
51%
10101010 170
51%
10101111 175
51%
10111010 186
51%
11001010 202
51%
11100111 231
51%
00011011 27
51%
00011111 31
51%
00101000 40
51%
00101111 47
51%
00111000 56
51%
01000100 68
51%
01000111 71
51%
01001001 73
51%
01011001 89
51%
01100011 99
51%
01100101 101
50%
10001000 136
50%
11000010 194
50%
11000100 196
50%
00011110 30
50%
00101101 45
50%
00110110 54
50%
01010100 84
50%
01011011 91
50%
01011110 94
50%
10000000 128
49%
10001101 141
49%
10011001 153
49%
10011110 158
49%
10110011 179
49%
11010000 208
49%
11010011 211
49%
11011010 218
49%
11100010 226
49%
11101000 232
49%
11110011 243
49%
11111011 251
49%
11111110 254
49%
00011010 26
49%
01001011 75
49%
01001110 78
49%
01010111 87
49%
01011101 93
49%
01100100 100
48%
01101010 106
48%
10001001 137
48%
10011101 157
48%
10011111 159
48%
10100011 163
48%
10101000 168
48%
00010001 17
48%
10110001 177
48%
10111001 185
48%
10111011 187
48%
11011011 219
48%
11011110 222
48%
11111100 252
48%
00100001 33
48%
01000010 66
48%
01100001 97
48%
01111110 126
47%
10001100 140
47%
10010000 144
47%
10010010 146
47%
10111101 189
47%
11001110 206
47%
11010001 209
47%
11100000 224
47%
11100011 227
47%
11101010 234
47%
11110000 240
47%
00000110 6
47%
01110111 119
46%
01111010 122
46%
10001110 142
46%
10100111 167
46%
10110101 181
46%
11001100 204
46%
11010101 213
46%
11011101 221
46%
11100101 229
46%
11101001 233
46%
11110101 245
46%
01011111 95
46%
10001010 138
45%
10001111 143
45%
10101110 174
45%
11011000 216
45%
11100001 225
45%
11110010 242
45%
11110100 244
45%
00100110 38
45%
00100111 39
45%
00110111 55
45%
00111010 58
45%
01111001 121
44%
10101011 171
44%
10110111 183
44%
11000000 192
44%
11001001 201
44%
11001011 203
44%
11010100 212
44%
11011111 223
44%
11110110 246
44%
00110000 48
44%
00110001 49
44%
01011010 90
44%
01110000 112
43%
01110010 114
43%
10100100 164
43%
11011001 217
43%
00101011 43
43%
01001000 72
43%
10010011 147
42%
10010101 149
42%
10100010 162
42%
11111010 250
42%
00110011 51
42%
00111110 62
42%
01101001 105
41%
01101101 109
41%
10111000 184
41%
10111111 191
41%
11011100 220
41%
11101101 237
41%
01011100 92
41%
10011000 152
40%
11101100 236
40%
10110010 178
39%
11001101 205
39%
11100110 230
38%
11010010 210
37%
11010110 214
37%
01111101 125
36%
01001111 79
35%
11101011 235
34%
No matching quizzes found
Score Distribution
Percent of People with Each Score
Percentile by Number Answered
Your Score History
You have not taken this quiz